| 000 | 00663nam a2200193 a 4500 | ||
|---|---|---|---|
| 001 | 000020793 | ||
| 005 | 20260114121206.0 | ||
| 008 | 100817nuuuuuuuudr a 000 0 spa d | ||
| 040 |
_aDO-SdBNP _bspa _cBPJMB |
||
| 082 |
_a372.832 _bR177a |
||
| 100 | 1 |
_aRamírez Báez, Ramón O. _942867 |
|
| 245 | 1 | 0 |
_aAprendamos a vivir juntos : _bestudios sociales 1 / _cRamón O. Ramírez Báez y Héctor Rodríguez. |
| 260 |
_aSanto Domingo, República Dominicana : _bSusaeta, _c[19??]. |
||
| 300 |
_a88 p. : _bil. ; _c25 cm. |
||
| 650 | 0 |
_aCiudadanía _96372 |
|
| 650 | 0 |
_aEducación cívica _91206 |
|
| 650 | 0 |
_aCiencias sociales _91065 |
|
| 700 | 1 |
_aRodríguez, Héctor. _912028 |
|
| 999 |
_c20297 _d20297 |
||